Teória a prax štatistického modelovania ekonomiky

Enregistré dans:
Détails bibliographiques
Format: Livre
Langue:slovaque
Publié: Bratislava Alfa 1988
Édition:1. vyd.
Tags: Ajouter un tag
Pas de tags, Soyez le premier à ajouter un tag!

MARC

LEADER 00000nam a2200000 4500
001 c024606
005 20250728081314.1
041 0 |a slo 
044 |a SK 
245 1 0 |a Teória a prax štatistického modelovania ekonomiky  |c A. Klas a kol., J. Četyrkin 
250 |a 1. vyd. 
264 1 |a Bratislava  |b Alfa  |c 1988 
300 |a 307 s.